logo

Bir Sreshtho Munshi Abdur Rouf Library
Jhenaidah Cadet College

একাত্তরের মুক্তিযুদ্ধঃ এগারোটি সেক্টরের বিজয় কাহিনি / (Record no. 11951)

MARC details
000 -LEADER
fixed length control field 00862nam a2200229 a 4500
001 - CONTROL NUMBER
JCCL Control Number 11951
003 - CONTROL NUMBER IDENTIFIER
JCCL marc code BD-JhCC
005 - DATE AND TIME OF LATEST TRANSACTION
control field 20251213132354.0
008 - FIXED-LENGTH DATA ELEMENTS--GENERAL INFORMATION
fixed length control field 210223b20142019bg |||| ||a| 00| 0 ben d
020 ## - INTERNATIONAL STANDARD BOOK NUMBER
International Standard Book Number 9789848939277
035 ## - SYSTEM CONTROL NUMBER
system control number (BD-JhCC)11951
040 ## - CATALOGING SOURCE
Original cataloging agency BD-JhCC
Modifying agency BD-JhCC
041 ## - LANGUAGE CODE
Language code of Book ben
082 ## - DEWEY DECIMAL CLASSIFICATION NUMBER
Classification number 954.9205
Author mark and Year RAF 2019
100 ## - MAIN ENTRY--PERSONAL NAME
Personal name ইসলাম, রফিকুল
245 ## - TITLE STATEMENT
Title একাত্তরের মুক্তিযুদ্ধঃ এগারোটি সেক্টরের বিজয় কাহিনি /
Statement of responsibility, etc রফিকুল ইসলাম
260 ## - PUBLICATION, DISTRIBUTION, ETC. (IMPRINT)
Place of publication, distribution, etc ঢাকা, বাংলাদেশঃ
Name of publisher, distributor, etc স্বরবৃত্ত প্রকাশন,
Date of publication, distribution, etc ২০১৯.
300 ## - PHYSICAL DESCRIPTION
Pagination 160
Dimensions 22 cm.
650 ## - SUBJECT ADDED ENTRY--TOPICAL TERM
Topical term or geographic name as entry element বাংলাদেশের মুক্তিযু্দ্ধ
942 ## - ADDED ENTRY ELEMENTS (KOHA)
Source of classification or shelving scheme Dewey Decimal Classification
Koha item type Books
Holdings
Source of classification or shelving scheme Damaged status Not for loan Collection code Home library Current library Shelving location Date of accession Cost, normal purchase price Full call number Barcode Date last seen Copy number Method of acquisition Koha item type Currency Total Checkouts Date checked out
Dewey Decimal Classification     Non-fiction JCC Rouf Library JCC Rouf Library General Stacks 02/23/2021 225.00 954.9205 RAF 2019 16522 02/23/2021 C-1 Purchase Books BDT    
Dewey Decimal Classification     Non-fiction JCC Rouf Library JCC Rouf Library General Stacks 12/13/2025 345.00 954.9205 RAF 2019 20352 12/13/2025 C-2 Purchase Books BDT    
Dewey Decimal Classification     Non-fiction JCC Rouf Library JCC Rouf Library General Stacks 12/14/2025 345.00 954.9205 RAF 2019 20353 02/05/2026 C-3 Purchase Books BDT 1 01/29/2026

JCC Library | Contacts | JCC Home

Last Update on 23 September 2017
Copyright @ 2017-2020 JCC Rouf Library
Rouf Library, Jhenidah Cadet College (JCC), Bangladesh